[Event "Dutch Open"]
[Site "Dieren NED"]
[Date "2009.07.23"]
[Round "3"]
[White "Karthikeyan,P"]
[Black "Vermeulen,We"]
[Result "1-0"]
[WhiteElo "1983"]
[BlackElo "2164"]

1.d4 Nf6 2.c4 g6 3.Nc3 d5 4.cxd5 Nxd5 5.e4 Nxc3 6.bxc3 Bg7 7.Nf3 O-O 8.Be3 c5
9.Qd2 cxd4 10.cxd4 Nc6 11.Rc1 Bg4 12.d5 Bxf3 13.gxf3 Ne5 14.Be2 Qd7 15.f4 Ng4
16.Bc5 Rac8 17.O-O b6 18.Ba3 Bh6 19.Rxc8 Rxc8 20.Rc1 Rd8 21.Bb2 e5 22.Qd1 Nf6
23.Bxe5 Nxe4 24.Rc7 Qh3 25.Qd3 Nxf2 26.Qg3 Qxg3+ 27.hxg3 Ne4 28.Bf3 Nd6 29.Rxa7 Bg7
30.Rc7 Nb5 31.Rb7 Bxe5 32.fxe5 Nd4 33.Bg2 Ne2+ 34.Kf2 Nc3 35.d6 f6 36.e6 Rxd6
37.Rb8+ Kg7 38.e7 Rd2+ 39.Kg1 Ne2+ 40.Kh2 Nd4 41.e8=Q Nf3+ 42.Kh1  1-0

[Event "17th Open"]
[Site "Saint Affrique FRA"]
[Date "2009.07.23"]
[Round "7"]
[White "Valles,M"]
[Black "Collas,S"]
[Result "0-1"]
[WhiteElo "2142"]
[BlackElo "2315"]

1.d4 Nf6 2.c4 g6 3.Nc3 d5 4.cxd5 Nxd5 5.e4 Nxc3 6.bxc3 Bg7 7.Bc4 c5 8.Ne2 cxd4
9.cxd4 Nc6 10.Be3 O-O 11.O-O b6 12.d5 Na5 13.Bd3 e6 14.Nf4 Qd6 15.Rc1 Be5
16.Qf3 Bb7 17.Rfd1 exd5 18.exd5 Rac8 19.Be4 Nc4 20.h4 Nxe3 21.fxe3 Rxc1 22.Rxc1 Re8
23.g4 Bxf4 24.exf4 Qb4 25.Rc7 Rxe4 26.Rxb7 Qe1+  0-1

[Event "ch-Euro Senior"]
[Site "Rogaska Slatina SLO"]
[Date "2009.07.24"]
[Round "3"]
[White "Muratoglu,S"]
[Black "Kristiansen,E"]
[Result "0-1"]
[WhiteElo "2114"]
[BlackElo "2218"]

1.d4 Nf6 2.c4 g6 3.Nc3 d5 4.cxd5 Nxd5 5.e4 Nxc3 6.bxc3 Bg7 7.Nf3 c5 8.Be3 O-O
9.Rc1 cxd4 10.cxd4 b6 11.Be2 Bb7 12.Qc2 Nd7 13.O-O Nf6 14.Nd2 Rc8 15.Qb1 Qd7
16.h3 Rxc1 17.Rxc1 Rc8 18.d5 e6 19.Rxc8+ Qxc8 20.d6 Ne8 21.Qd3 Qd7 22.Nc4 Ba6
23.f4 Bxc4 24.Qxc4 Nxd6 25.Qd3 Qc7 26.Kf2 b5 27.e5 Nc4 28.Qc2 Bf8 29.a4 Bc5
30.Bxc4 bxc4 31.Ke2 Bxe3 32.Kxe3 Qc5+ 33.Ke2 Qd5 34.Ke3 h5 35.Qd2 h4 36.Qc2 Kg7
37.Kf2 Qd4+ 38.Kf3 c3 39.Ke2 g5 40.Qd3 Qxd3+ 41.Kxd3 gxf4 42.Kxc3 Kg6 43.a5 Kf5
44.Kd4 a6 45.Kc5 Kxe5 46.Kb6 Kd6 47.Kxa6 Kc6 48.Ka7 e5 49.Kb8 Kb5 50.Kb7 Kxa5
51.Kc6 e4  0-1

[Event "Dutch Open"]
[Site "Dieren NED"]
[Date "2009.07.25"]
[Round "5"]
[White "Karthikeyan,P"]
[Black "Laarhoven,T"]
[Result "1/2-1/2"]
[WhiteElo "1983"]
[BlackElo "2222"]

1.d4 Nf6 2.c4 g6 3.Nc3 d5 4.cxd5 Nxd5 5.e4 Nxc3 6.bxc3 Bg7 7.Nf3 c5 8.Be3 O-O
9.Qd2 Qa5 10.Rc1 cxd4 11.cxd4 Qxd2+ 12.Kxd2 Rd8 13.Ke1 Nc6 14.d5 Na5 15.Bg5 f6
16.Bd2 b6 17.Bxa5 bxa5 18.Nd4 Bd7 19.Bc4 Bh6 20.Rc2 Bf4 21.Ke2 Kf8 22.Nc6 Bxc6
23.dxc6 Rab8 24.Be6 Rd4 25.f3 Bc7 26.h4 Rd6 27.Bd7 Kf7 28.h5 g5 29.e5 fxe5
30.Bf5 h6 31.Bg6+ Kf6 32.Be4 Rd4  1/2-1/2

[Event "Dutch Open"]
[Site "Dieren NED"]
[Date "2009.07.25"]
[Round "5"]
[White "Vovk,Y"]
[Black "Bezemer,A"]
[Result "1-0"]
[WhiteElo "2567"]
[BlackElo "2332"]

1.d4 Nf6 2.c4 g6 3.Nc3 d5 4.cxd5 Nxd5 5.e4 Nxc3 6.bxc3 Bg7 7.Bg5 c5 8.Rc1 Qa5
9.Qd2 cxd4 10.cxd4 Qxd2+ 11.Kxd2 O-O 12.Nf3 e6 13.Bb5 a6 14.Ba4 b5 15.Bb3 Bb7
16.d5 exd5 17.exd5 a5 18.Rc7 a4 19.Rxb7 axb3 20.axb3 Ra2+ 21.Ke3 f6 22.Bf4 Re8+
23.Kd3 Na6 24.Rxb5 Bf8 25.d6 Rd8 26.Nd4 Bxd6 27.Bxd6 Rxd6 28.Ke3 Rd7 29.Rc1 Nc7
30.Rb8+ Kf7 31.Rh8 Kg7 32.Rc8 Nd5+ 33.Kf3 Rd2 34.Ne6+ Kh6 35.R8c4 g5 36.h4 Rb7
37.hxg5+ Kg6 38.Nc5 Re7 39.gxf6 Nxf6 40.R1c2 Rd5 41.g3 h5 42.Kg2 Re1 43.Rc1 Re2
44.R4c2 Rdd2 45.Rxd2 Rxd2 46.Rc3 Ng4 47.Rf3 Rb2 48.Nd3 Rb1 49.b4 Kh6 50.Rf5  1-0

[Event "2nd Open"]
[Site "Paleohora GRE"]
[Date "2009.07.25"]
[Round "6"]
[White "Harika,D"]
[Black "Gupta,Ab"]
[Result "1/2-1/2"]
[WhiteElo "2445"]
[BlackElo "2565"]

1.d4 Nf6 2.c4 g6 3.Nc3 d5 4.cxd5 Nxd5 5.e4 Nxc3 6.bxc3 Bg7 7.Nf3 c5 8.Be3 Qa5
9.Qd2 O-O 10.Rc1 Rd8 11.d5 e6 12.Bg5 f6 13.Be3 Nc6 14.h4 exd5 15.exd5 Bg4
16.Be2 Bxf3 17.gxf3 Ne7  1/2-1/2

[Event "ch-Euro Senior"]
[Site "Rogaska Slatina SLO"]
[Date "2009.07.25"]
[Round "4"]
[White "Kaminik,A"]
[Black "Rusjan,D"]
[Result "1-0"]
[WhiteElo "2232"]
[BlackElo "2094"]

1.d4 Nf6 2.c4 g6 3.Nc3 d5 4.cxd5 Nxd5 5.e4 Nxc3 6.bxc3 Bg7 7.Bc4 c5 8.Ne2 O-O
9.O-O Nc6 10.Be3 Na5 11.Bb3 Nxb3 12.axb3 cxd4 13.cxd4 f5 14.e5 Be6 15.Nf4 Bd5
16.h4 Bf7 17.Qf3 Qd7 18.Rfc1 e6 19.Nd3 b6 20.Qc6 Rfd8 21.Qxd7 Rxd7 22.Rc6 Rb8
23.Nf4 Re7 24.Rac1 Bh6 25.Nd5 exd5 26.Bxh6 Rbe8 27.Bg5 Rb7 28.Rc7 Reb8 29.Bh6 Be6
30.R1c6 Bd7 31.Rxb7 Rxb7 32.Rd6 Kf7 33.Rxd5 Be6 34.Rd8 Bxb3 35.d5 Bxd5 36.Rxd5 Ke6
37.Rd8 Kxe5 38.f3 b5 39.Kf2 b4 40.Bc1 a5 41.Bb2+ Ke6 42.Re8+ Kd6 43.Ra8 Rb5
44.Ke3 Kc6 45.Kd3 Rd5+ 46.Bd4 Kb5 47.Rh8 Ka4 48.Kc4 Rd6 49.Rb8 Rc6+ 50.Bc5 Re6
51.Bxb4 axb4  1-0

[Event "Continental ch-Americas"]
[Site "Sao Paulo BRA"]
[Date "2009.07.25"]
[Round "1"]
[White "Rodrigo da Silva,E"]
[Black "Fusco,L"]
[Result "0-1"]
[WhiteElo "2027"]
[BlackElo "2419"]

1.d4 Nf6 2.c4 g6 3.Nc3 d5 4.cxd5 Nxd5 5.e4 Nxc3 6.bxc3 Bg7 7.Nf3 c5 8.Rb1 O-O
9.Be2 Nc6 10.d5 Ne5 11.Qc2 Nxf3+ 12.Bxf3 Qa5 13.Bd2 b5 14.O-O Bd7 15.Rfe1 Qc7
16.Be2 c4 17.f4 e5 18.dxe6 fxe6 19.e5 Qc5+ 20.Kh1 Bc6 21.Bg4 Qf2 22.Bxe6+ Kh8
23.Rg1 Rxf4 24.Qc1 Re4 25.Be1 Qe3 26.Bg3 Qxc1 27.Rbxc1 Bxe5 28.Bxe5+ Rxe5
29.Rge1 Rxe1+ 30.Rxe1 Rd8  0-1

[Event "ZMD Open"]
[Site "Dresden GER"]
[Date "2009.07.26"]
[Round "2"]
[White "Hilverda,A"]
[Black "Carmesin,M"]
[Result "1-0"]
[WhiteElo "2243"]
[BlackElo "1794"]

1.d4 Nf6 2.c4 g6 3.Nc3 d5 4.cxd5 Nxd5 5.e4 Nxc3 6.bxc3 Bg7 7.Bc4 c5 8.Ne2 O-O
9.O-O Nc6 10.Be3 cxd4 11.cxd4 Na5 12.Bd3 b6 13.Rc1 e6 14.Qd2 Bb7 15.Qb4 Qd7
16.Bb5 Bc6 17.Bxc6 Nxc6 18.Qb5 Rac8 19.Rc2 Qd6 20.Rfc1 Ne7 21.Bf4 Qa3 22.Rxc8 Rxc8
23.Rxc8+ Nxc8 24.Qd7 Qf8 25.Bg5 h6 26.Bd8 Qb4 27.Kh1 Qc4 28.Ng1 Bf8 29.e5 b5
30.h3 b4 31.Nf3 Qc1+ 32.Kh2 Qf4+ 33.Kh1 Qc1+ 34.Ng1 Qc4 35.Kh2 Kg7 36.Nf3 a6
37.h4 Qc1 38.d5 exd5 39.e6 Nd6 40.e7 Bxe7 41.Bxe7 Qf4+ 42.Kh1 Ne4 43.Qa7 Qc1+
44.Ng1 Qc4 45.Kh2 Qxa2 46.Qd4+ Kg8 47.f3 b3 48.Qxd5 Qa1 49.fxe4 b2 50.Bf6 Qa3
51.Qd8+ Qf8 52.Qxf8+ Kxf8 53.Bxb2  1-0

[Event "ch-AUT"]
[Site "Jenbach AUT"]
[Date "2009.07.26"]
[Round "2"]
[White "Dietmayer Kraeutler,M"]
[Black "Wallnoefer,H"]
[Result "1-0"]
[WhiteElo "2276"]
[BlackElo "2066"]

1.d4 Nf6 2.c4 g6 3.Nc3 d5 4.cxd5 Nxd5 5.e4 Nxc3 6.bxc3 Bg7 7.Bc4 c5 8.Ne2 Nc6
9.Be3 Qc7 10.O-O O-O 11.Rc1 Qa5 12.f3 cxd4 13.cxd4 Rd8 14.Qb3 e6 15.d5 exd5
16.Bxd5 Qc7 17.Bf4 Qb6+ 18.Qxb6 axb6 19.Bc7 Nd4 20.Nc3 Rf8 21.Bxb6 Be6 22.Rfd1 Nc6
23.Bb3 Na5 24.Bxe6 fxe6 25.Nb5 Nc6 26.a3 Bb2 27.Rb1 Be5 28.Nc7 Bxc7 29.Bxc7 Rf7
30.Bd6 Ra4 31.Bc5 Rc4 32.Rdc1 Rxc1+ 33.Rxc1 Rd7 34.Rb1 Ne5 35.h3 Kf7 36.Rb4 Nd3
37.Rb5 Nxc5 38.Rxc5 h5 39.h4 Rd3 40.a4 Rd4 41.a5 Rb4 42.Kf2 Kf6 43.Rc8 Ra4
44.Ra8 Ke5 45.Ra7 Rb4 46.Ke3 Rb3+ 47.Kf2 Rb2+ 48.Kg3 Rb3 49.Ra8 Rb5 50.Kh3 Kf4
51.Rg8 Rxa5 52.Rxg6 Re5 53.Rf6+ Ke3 54.Rf7 b5 55.Kg3 Rc5 56.Ra7 Kd4 57.Kf4 b4
58.Rb7 Kc3 59.g4 b3 60.g5 b2 61.g6 Kc2 62.g7 Rc8 63.Ke5 b1=Q 64.Rxb1 Kxb1
65.Kxe6 Kc2 66.Kf7 Rc7+ 67.Kg6 Rc8 68.Kh7 Rc7 69.Kh8  1-0

[Event "Najdorf Mem Open"]
[Site "Warsaw POL"]
[Date "2009.07.26"]
[Round "9"]
[White "Ivanov,Sergey1"]
[Black "Malisauskas,V"]
[Result "1/2-1/2"]
[WhiteElo "2528"]
[BlackElo "2489"]

1.d4 Nf6 2.c4 g6 3.Nc3 d5 4.cxd5 Nxd5 5.e4 Nxc3 6.bxc3 Bg7 7.Nf3 c5 8.Be3 Qa5
9.Bd2 O-O 10.Be2 Bg4 11.O-O Rd8 12.Rb1 cxd4 13.cxd4 Qxa2 14.Ra1 Qb2 15.Rb1 Qa2
16.d5 Nd7 17.Rxb7 Nc5 18.Rb4 Rab8 19.Bc4 Bxf3 20.Qc1 Bb2 21.Bxa2 Bxc1 22.Rxc1 Rxb4
23.Bxb4 Nd3 24.Rb1 Nxb4 25.Rxb4 Be2 26.Rb7 Rc8 27.h3 Rc1+ 28.Kh2 Ra1 29.d6 exd6
30.Bxf7+ Kh8 31.f4 Bd3 32.Bd5 Ra4 33.e5 dxe5 34.fxe5 Be4 35.Rb8+ Kg7 36.Bb3 Ra5
37.Rg8+ Kh6 38.e6 Re5 39.g4 g5 40.Kg3 Bg6 41.Kf3 Rb5 42.Bc4 Rc5 43.Ba6 Re5
44.Bc8 a5 45.Bd7 a4 46.Bxa4 Rxe6 47.Bd7  1/2-1/2

[Event "Najdorf Mem Open"]
[Site "Warsaw POL"]
[Date "2009.07.26"]
[Round "9"]
[White "Borowicz,P"]
[Black "Krasenkova,I"]
[Result "1/2-1/2"]
[WhiteElo "2009"]
[BlackElo "2159"]

1.d4 Nf6 2.c4 g6 3.Nc3 d5 4.cxd5 Nxd5 5.e4 Nxc3 6.bxc3 Bg7 7.Bc4 c5 8.Ne2 Nc6
9.Be3 O-O 10.O-O Bg4 11.f3 Na5 12.Bxf7+ Rxf7 13.fxg4 Rxf1+ 14.Kxf1 Qd7 15.h3 Qe6
16.Qd3 Qc4 17.Qxc4+ Nxc4 18.Bg5 h6 19.Bxe7 cxd4 20.cxd4 Re8 21.Rc1 Nd2+ 22.Ke1 Nxe4
23.Rc7 Nf6 24.Bxf6 Bxf6 25.d5 Rb8 26.d6 Be5 27.Rd7 a5 28.Nc1 b5 29.Nd3 Bg3+
30.Kd2 a4 31.Nc5 Rb6 32.Rd8+ Kf7 33.d7 Rd6+ 34.Ke3 Bh4 35.Rb8 Bf6 36.Rxb5 Bd4+
37.Ke4 Bxc5 38.Rxc5 Rxd7 39.Ra5 Rd2 40.Rxa4 Rxg2 41.Ra7+ Kf6 42.Kf4 g5+ 43.Kf3 Rh2
44.Kg3 Rc2 45.Ra6+ Kg7 46.Ra3 Kf6 47.Kf3 Ke5 48.Ra5+ Kf6 49.Ra6+ Kg7 50.Ra3 Rc4
51.Ke3 h5 52.Ra7+ Kh6 53.Ra6+ Kh7 54.gxh5 Rc3+ 55.Ke4 Rxh3 56.Kf5 Rxh5 57.Ra7+ Kh6
58.a4 Rh1 59.a5 Rf1+ 60.Kg4 Rf4+ 61.Kg3 Ra4 62.a6 Kh5 63.Ra8 Ra3+ 64.Kf2 Kg4
65.a7 Ra2+ 66.Ke3 Kg3 67.Rg8  1/2-1/2

[Event "Najdorf Mem Open"]
[Site "Warsaw POL"]
[Date "2009.07.26"]
[Round "9"]
[White "Dziuba,M"]
[Black "Socko,M"]
[Result "1/2-1/2"]
[WhiteElo "2562"]
[BlackElo "2449"]

1.d4 Nf6 2.c4 g6 3.Nc3 d5 4.cxd5 Nxd5 5.e4 Nxc3 6.bxc3 Bg7 7.Be3 c5 8.Nf3 Qa5
9.Qd2 Nc6 10.Rb1 a6 11.Rc1 cxd4 12.cxd4 Qxd2+ 13.Kxd2 f5 14.e5 Be6 15.Bc4 Bxc4
16.Rxc4 O-O 17.Ke2 h6 18.h4 Rac8 19.a4 e6 20.Rb1 Rf7 21.g3 Rfc7 22.Nd2 Bf8
23.Rb6 Kf7 24.Nb3 Ne7 25.Rxc7 Rxc7 26.Nc5 Nd5 27.Rxb7 Rxb7 28.Nxb7 Nc3+ 29.Kd3 Nxa4
30.Kc2 Nb6 31.Kb3 Nd5 32.Bd2 f4 33.Ka4 h5 34.Nd8+ Ke7 35.Nc6+ Kd7 36.Nb8+ Kc7
37.Nxa6+ Kb6 38.Nb8 Kc7 39.Na6+ Kb6 40.Nb8  1/2-1/2

[Event "14th Open"]
[Site "Creon FRA"]
[Date "2009.07.27"]
[Round "1"]
[White "Spindler,H"]
[Black "Larcheveque,F"]
[Result "0-1"]
[WhiteElo "1800"]
[BlackElo "2049"]

1.d4 Nf6 2.c4 g6 3.Nc3 d5 4.cxd5 Nxd5 5.e4 Nxc3 6.bxc3 Bg7 7.Bc4 c5 8.Ne2 O-O
9.O-O Nc6 10.Be3 Qc7 11.Qc1 Rd8 12.Rd1 Bd7 13.a3 cxd4 14.cxd4 Rac8 15.d5 Ne5
16.Bb3 Qa5 17.Qd2 Qxd2 18.Bxd2 Nc4 19.Bc3 Bxc3 20.Nxc3 Na5 21.Ba4 Rxc3 22.Bxd7 Rxd7
23.f3 Rc2 24.Rac1 Rdc7 25.Rxc2 Rxc2 26.e5 Kf8 27.Rd3 Ke8  0-1

[Event "14th Open"]
[Site "Creon FRA"]
[Date "2009.07.27"]
[Round "1"]
[White "Achereiner,G"]
[Black "Cruzel,T"]
[Result "1/2-1/2"]
[WhiteElo "2051"]
[BlackElo "1823"]

1.d4 Nf6 2.c4 g6 3.Nc3 d5 4.cxd5 Nxd5 5.e4 Nxc3 6.bxc3 Bg7 7.Nf3 c5 8.Rb1 O-O
9.Be3 cxd4 10.cxd4 Qa5+ 11.Qd2 Qxd2+ 12.Kxd2 Rd8 13.Bc4 Nc6 14.d5 Na5 15.Bb5 f5
16.Ke2 fxe4 17.Ng5 Rxd5 18.Rhd1 Bg4+ 19.f3 exf3+ 20.gxf3 Rxd1 21.Rxd1 Bf5
22.Bc5 Bf6 23.Ne4 Bxe4 24.fxe4 a6 25.Bd7 Kf7 26.Rf1 Nc4 27.Ba4 b5 28.Bb3 Ke8
29.a4 Rd8 30.Bb4 Rd4 31.axb5 axb5 32.Bc2 Nd6 33.Bxd6 Rxd6 34.Rb1 Bc3 35.Rd1 Rxd1
36.Bxd1 Kf7 37.Bb3+ Kf6 38.Kf3 Ke5 39.Bg8 h6 40.Ke3 Bd4+ 41.Kd3 Bg1 42.h3 Bc5
43.Bf7 Kf6 44.Be8 b4 45.Kc4 Bd6 46.e5+ Kxe5 47.Bxg6 Kf4 48.Kd3 e5 49.Be4 Bc5
50.Bd5 Bd4 51.Bf7 Bc3 52.Bg6 Kg3 53.Bf5 h5 54.Be6 Bd4 55.Bf7 h4 56.Be6 b3
57.Bxb3 Kxh3 58.Ke2 Kg3 59.Bd5 h3 60.Be4 Kf4 61.Kd3 Kg4 62.Bc6 Kg3 63.Ke2 Kf4
64.Kd3 Kg5 65.Bb7 Kf6 66.Bc8 h2 67.Bb7 Ke6 68.Ke2 Kd6 69.Kf1 Kc5 70.Kg2 Bg1
71.Kh1 Kd4 72.Ba8 e4 73.Bxe4 Kxe4 74.Kg2 Ke3 75.Kh1  1/2-1/2

[Event "ZMD Open"]
[Site "Dresden GER"]
[Date "2009.07.27"]
[Round "3"]
[White "Bluebaum,M"]
[Black "Kovchan,A"]
[Result "0-1"]
[WhiteElo "2075"]
[BlackElo "2554"]

1.d4 Nf6 2.c4 g6 3.Nc3 d5 4.cxd5 Nxd5 5.e4 Nxc3 6.bxc3 Bg7 7.Bc4 c5 8.Ne2 O-O
9.O-O Nc6 10.Be3 Na5 11.Bd3 b6 12.dxc5 bxc5 13.Bxc5 Qc7 14.Bd4 e5 15.Be3 Nc4
16.Bxc4 Qxc4 17.f3 Ba6 18.Re1 Rfd8 19.Qb3 Rd3 20.Qxc4 Bxc4 21.Kf2 a5 22.a4 Bf8
23.Red1 Rxd1 24.Rxd1 Rb8 25.Nc1 f6 26.f4 exf4 27.Bxf4 Re8 28.Kf3 Rc8 29.Rd7 Bf7
30.Rc7 Re8 31.Ra7 g5 32.Be3 g4+ 33.Kf2 Rc8 34.Ne2 Bg6 35.Rxa5 Bxe4 36.Bd4 Bc2
37.Ra6 Rb8 38.Bxf6 Rb2 39.c4 Rb4 40.a5 Rxc4 41.Ra8 Be4 42.Rd8 Kf7 43.Bd4 Be7
44.Rd7 Ke8 45.Ra7 Bd3 46.Ra6 Bxe2 47.Kxe2 Rxd4 48.Rh6 Ra4 49.Rxh7 Rxa5 50.Rg7 Ra2+
51.Kf1 Ra4 52.h3 gxh3 53.gxh3 Kf8 54.Rg4 Ra2 55.Kg1 Kf7 56.Kh1 Bf6 57.Kg1 Ke6
58.Rg8 Bd4+ 59.Kh1 Kf5 60.h4 Be3 61.h5 Ke4 62.Rg2 Ra1+ 63.Kh2 Bf4+ 64.Kh3 Kf3  0-1

[Event "ZMD Open"]
[Site "Dresden GER"]
[Date "2009.07.27"]
[Round "3"]
[White "Bluebaum,J"]
[Black "Peschlow,P"]
[Result "1/2-1/2"]
[WhiteElo "2008"]
[BlackElo "2296"]

1.d4 Nf6 2.c4 g6 3.Nc3 d5 4.cxd5 Nxd5 5.e4 Nxc3 6.bxc3 Bg7 7.Bc4 c5 8.Ne2 Nc6
9.Be3 O-O 10.O-O Qc7 11.Rc1 e6 12.Bf4 Qe7 13.Be3 Rd8 14.Qd2 Na5 15.Bd3 b6
16.Bg5 f6 17.Bh6 Bb7 18.Bxg7 Kxg7 19.Qe3 Rac8 20.e5 f5 21.Rfd1 cxd4 22.cxd4 Bd5
23.Nc3 Bc4 24.Nb5 Bxb5 25.Bxb5 h6 26.Rxc8 Rxc8 27.Rc1 Qd8 28.Qa3 Rxc1+ 29.Qxc1 Qd5
30.Qc7+ Kg8 31.Bd7 Qxa2 32.Qd8+ Kh7 33.Qe7+ Kh8 34.Qf6+ Kh7  1/2-1/2

[Event "2nd Open"]
[Site "Paleohora GRE"]
[Date "2009.07.27"]
[Round "8"]
[White "Neverov,V"]
[Black "Hunt,A"]
[Result "1/2-1/2"]
[WhiteElo "2561"]
[BlackElo "2428"]

1.d4 Nf6 2.c4 g6 3.Nc3 d5 4.cxd5 Nxd5 5.e4 Nxc3 6.bxc3 Bg7 7.Bc4 c5 8.Ne2 Nc6
9.Be3 O-O 10.O-O Na5 11.Bd3 b6 12.Qd2 e5 13.dxc5 Be6 14.Rfd1 Qc7 15.cxb6 axb6
16.Qb2 Nc4 17.Bxc4 Qxc4 18.f3 b5 19.Rd2 Rfd8 20.Nc1 Rxd2 21.Qxd2 Rc8 22.Ne2 Bf8
23.Kf2 Ra8 24.Nc1 Rc8 25.Ne2 Ra8 26.Nc1 Rc8 27.Ne2  1/2-1/2

[Event "Continental ch-Americas"]
[Site "Sao Paulo BRA"]
[Date "2009.07.27"]
[Round "4"]
[White "Vescovi,G"]
[Black "Dos Santos,R"]
[Result "1-0"]
[WhiteElo "2631"]
[BlackElo "2441"]

1.d4 Nf6 2.c4 g6 3.Nc3 d5 4.cxd5 Nxd5 5.e4 Nxc3 6.bxc3 Bg7 7.Bc4 c5 8.Ne2 O-O
9.O-O Nc6 10.Ba3 Bg4 11.f3 Bd7 12.Rb1 Qc7 13.Bd3 Rfd8 14.d5 Ne5 15.c4 e6
16.Nf4 b6 17.Be2 Bc8 18.Qc2 Bh6 19.Bc1 Bg7 20.Kh1 Qe7 21.Bb2 Ba6 22.Rbe1 Qd6
23.Qc3 exd5 24.Nxd5 f6 25.Rd1 Bb7 26.f4 Nf7 27.Bg4 Bh8 28.Qb3 Bxd5 29.cxd5 b5
30.Be6 c4 31.Qh3 Qf8 32.Qh4 Qe7 33.e5 b4 34.exf6 Qb7 35.f5 c3 36.fxg6 hxg6
37.Bc1 c2 38.Rde1 Rxd5 39.Qe4  1-0

[Event "ch-AUT"]
[Site "Jenbach AUT"]
[Date "2009.07.28"]
[Round "4"]
[White "Knoll,H"]
[Black "Kleiser,G"]
[Result "1-0"]
[WhiteElo "2393"]
[BlackElo "2292"]

1.c4 Nf6 2.d4 g6 3.Nc3 d5 4.cxd5 Nxd5 5.e4 Nxc3 6.bxc3 Bg7 7.Be3 c5 8.Qd2 Qa5
9.Rc1 O-O 10.Nf3 Rd8 11.d5 e6 12.c4 Qxd2+ 13.Nxd2 Na6 14.Be2 b6 15.O-O Nb4
16.a3 Na2 17.Rc2 Nc3 18.Bd3 Ba6 19.Bg5 Rd7 20.Rfc1 h6 21.Bf4 g5 22.Bg3 exd5
23.exd5 Na4 24.Bf5 Rdd8 25.Bc7 Re8 26.d6 Bc8 27.d7 Bxd7 28.Bxd7 Re7 29.Bxa4  1-0

[Event "ZMD Open"]
[Site "Dresden GER"]
[Date "2009.07.30"]
[Round "6"]
[White "Hilverda,A"]
[Black "Bobras,P"]
[Result "0-1"]
[WhiteElo "2243"]
[BlackElo "2568"]

1.d4 Nf6 2.c4 g6 3.Nc3 d5 4.cxd5 Nxd5 5.e4 Nxc3 6.bxc3 Bg7 7.Bc4 c5 8.Ne2 Nc6
9.Be3 O-O 10.O-O Qc7 11.Bd3 Rd8 12.Qc2 cxd4 13.cxd4 Qd6 14.Rfd1 Bg4 15.e5 Qa3
16.Qb3 Qxb3 17.axb3 Nb4 18.h3 Nxd3 19.hxg4 Nb4 20.Nc3 e6 21.Ne4 Nd5 22.Rdc1 a5
23.Bg5 Rd7 24.Rxa5 Rb8 25.Rac5 h6 26.Rc8+ Rxc8 27.Rxc8+ Kh7 28.Be3 g5 29.Rb8 b6
30.Nd6 Ra7 31.Nc4 Ra1+ 32.Kh2 Rb1 33.Nxb6 Nxe3 34.fxe3 Rxb3 35.Nd7 Rxe3 36.Rb4 Rd3
37.Rc4 Kg6 38.Ra4 h5 39.gxh5+ Kxh5 40.Kg1 Rd1+ 41.Kf2 Rd2+ 42.Kf3 g4+ 43.Kg3 Kg5
44.Rb4 Kf5 45.Nf6 Bxf6 46.exf6 Kg5 47.Rb5+ Kxf6 48.Kxg4 Rxd4+ 49.Kf3 Rd3+
50.Ke2 Rd5 51.Rb4 Kg5 52.Rb8 Ra5 53.Rb7 Ra2+ 54.Kf3 Ra3+ 55.Kf2 f6 56.Rb6 Ra2+
57.Kf3 Ra3+ 58.Kf2 e5 59.Rb4 Ra2+ 60.Kf3 f5 61.Rb5 e4+ 62.Kg3 Ra3+ 63.Kf2 Ra2+
64.Kg3 Ra3+ 65.Kf2 Kg4 66.Rb2 Ra1 67.Rb8 Ra2+ 68.Kf1 Kf4 69.Rb4 Rc2 70.Ra4 Rb2
71.Rc4 Ke3 72.Rc3+ Kd2 73.Rc5 Rb1+ 74.Kf2 e3+ 75.Kf3 Rf1+  0-1

[Event "ZMD Open"]
[Site "Dresden GER"]
[Date "2009.07.30"]
[Round "6"]
[White "Hutschenreiter,J"]
[Black "Mueller,Ri"]
[Result "1-0"]
[WhiteElo "2127"]
[BlackElo "1884"]

1.d4 Nf6 2.c4 g6 3.Nc3 d5 4.cxd5 Nxd5 5.e4 Nxc3 6.bxc3 Bg7 7.Nf3 O-O 8.Rb1 c5
9.Be2 Nc6 10.d5 Ne5 11.Nxe5 Bxe5 12.Qc2 e6 13.f4 Bg7 14.dxe6 Bxe6 15.O-O b6
16.f5 Bd7 17.Bf4 Qf6 18.Rbd1 Bc8 19.Bd6 Re8 20.e5 Bxf5 21.exf6 Bxc2 22.Rd2 Rxe2
23.Rxe2 Bd3 24.Ref2 Bxf1 25.Kxf1 Rd8 26.Bc7 Rc8 27.Bg3 Bh6 28.Re2 Bg5 29.Be5 Rc6
30.Bd6 Bxf6 31.Re8+ Kg7 32.Bf8+ Kg8 33.Bh6+  1-0

[Event "University of Twente YM"]
[Site "Enschede NED"]
[Date "2009.08.01"]
[Round "2"]
[White "Rademakers,E"]
[Black "Bok,B"]
[Result "1-0"]
[WhiteElo "2154"]
[BlackElo "2360"]

1.d4 Nf6 2.c4 g6 3.Nc3 d5 4.cxd5 Nxd5 5.e4 Nxc3 6.bxc3 Bg7 7.Nf3 c5 8.h3 Nc6
9.Be3 O-O 10.Be2 b6 11.O-O cxd4 12.cxd4 e6 13.Qa4 Bb7 14.Ba6 Bxa6 15.Qxa6 Qd7
16.Rad1 Rac8 17.Qa4 Qb7 18.d5 exd5 19.exd5 Na5 20.d6 Rfd8 21.Rfe1 Bc3 22.d7 Rc7
23.Bd2 Bf6 24.Re8+ Kg7 25.Qf4 g5 26.Nxg5 Rcxd7 27.Ne4 Rxe8 28.Qh6+ Kh8 29.Nxf6 Qe4
30.Nxe4  1-0

[Event "Open"]
[Site "Kavala GRE"]
[Date "2009.08.01"]
[Round "1"]
[White "Tepelenis,N"]
[Black "Belov,Vl"]
[Result "0-1"]
[WhiteElo "2263"]
[BlackElo "2627"]

1.d4 Nf6 2.c4 g6 3.Nc3 d5 4.cxd5 Nxd5 5.e4 Nxc3 6.bxc3 Bg7 7.Nf3 c5 8.Be3 Qa5
9.Qd2 O-O 10.Rc1 Rd8 11.Be2 Bg4 12.d5 Nc6 13.O-O Bxf3 14.Bxf3 e6 15.Rfd1 exd5
16.exd5 Ne5 17.Be2 c4 18.f4 Nd3 19.Bxd3 Rxd5 20.Qb2 cxd3 21.Qxb7 Re8 22.c4 Rdd8
23.Qxa7 Qf5 24.Kf1 d2  0-1

[Event "Czech Open A"]
[Site "Pardubice CZE"]
[Date "2009.08.01"]
[Round "9"]
[White "Haba,P"]
[Black "Jansa,Vl"]
[Result "1-0"]
[WhiteElo "2533"]
[BlackElo "2470"]

1.d4 Nf6 2.c4 g6 3.Nc3 d5 4.cxd5 Nxd5 5.e4 Nxc3 6.bxc3 Bg7 7.Nf3 c5 8.Rb1 O-O
9.Be2 b6 10.O-O Bb7 11.Qd3 e6 12.Bg5 Qc7 13.Qe3 Nd7 14.e5 Rae8 15.Bb5 Bc6
16.Bxc6 Qxc6 17.Bh6 Rc8 18.h4 cxd4 19.cxd4 Qc3 20.Qf4 Qd3 21.Rfc1 Qf5 22.Qe3 Bxh6
23.Qxh6 f6 24.Rxc8 Rxc8 25.Rc1 Rxc1+ 26.Qxc1 fxe5 27.Qc7 e4 28.Ng5 Qd5 29.Qxa7 h6
30.Nxe4 Qxd4 31.Qxd7 Qxe4 32.Qd8+ Kf7 33.Qc7+ Ke8 34.Qxb6 g5 35.hxg5 hxg5
36.a4 g4 37.Qb5+ Kf7 38.g3 Qe1+ 39.Kg2 Qe4+ 40.Kg1 Qe1+ 41.Qf1 Qb4 42.Qa1 e5
43.a5 e4 44.Qe5 Qe1+ 45.Kg2 Qe2 46.Qf4+ Ke7 47.Qe3 Qc4 48.Qg5+ Kd6 49.Qxg4 Qd5
50.Kh3 Kc5 51.Kh4 Qd4 52.Qf5+ Kb4 53.g4 Qh8+ 54.Kg5  1-0

[Event "Arctic Chess Challenge"]
[Site "Tromso NOR"]
[Date "2009.08.01"]
[Round "1"]
[White "Khenkin,I"]
[Black "Fernandez Fernandez,JuanC"]
[Result "1-0"]
[WhiteElo "2634"]
[BlackElo "2099"]

1.d4 Nf6 2.c4 g6 3.Nc3 d5 4.cxd5 Nxd5 5.e4 Nxc3 6.bxc3 Bg7 7.Nf3 O-O 8.Be3 c5
9.Rc1 cxd4 10.cxd4 Nc6 11.d5 Ne5 12.Nxe5 Bxe5 13.f4 Bg7 14.Bc4 Bd7 15.O-O a6
16.Qb3 b5 17.Bd3 Rc8 18.Qa3 Rxc1 19.Rxc1 a5 20.Qc5 b4 21.e5 Ba4 22.Bb5 Bxb5
23.Qxb5 g5 24.Bb6 Qb8 25.Qc6 gxf4 26.d6 exd6 27.exd6 Bf6 28.d7 Qe5 29.Rd1 Bd8
30.Bf2 Qe6 31.Qd5 Qg6 32.Kh1 Qc2 33.Bc5 Qe2 34.Qf3 Qxf3 35.gxf3 f6 36.Re1  1-0

[Event "Arctic Chess Challenge"]
[Site "Tromso NOR"]
[Date "2009.08.01"]
[Round "1"]
[White "Thingstad,E"]
[Black "Hammer,J"]
[Result "0-1"]
[WhiteElo "2058"]
[BlackElo "2583"]

1.d4 Nf6 2.c4 g6 3.Nc3 d5 4.cxd5 Nxd5 5.e4 Nxc3 6.bxc3 Bg7 7.Nf3 O-O 8.Be2 b6
9.O-O Bb7 10.Qd3 c5 11.Rb1 Nd7 12.d5 c4 13.Qe3 Rc8 14.Nd4 Ne5 15.Rd1 Qd7
16.f4 Nd3 17.Bxd3 cxd3 18.Rxd3 Rc4 19.Bb2 Qa4 20.Rd2 e6 21.dxe6 fxe6 22.e5 Bd5
23.Rf1 Rc7 24.a3 Rcf7 25.Rdf2 Bc4 26.Re1 Bh6 27.g3 Rd8 28.Rd2 Rfd7 29.Qe4 Bf8
30.Qc2 Bb3 31.Qe4 Bc5 32.h4 Bd5 33.Qe2 Bc4 34.Qe4 Qa5 35.Kh2 Bxd4  0-1

[Event "HZ Open"]
[Site "Vlissingen NED"]
[Date "2009.08.01"]
[Round "1"]
[White "Hoffmann,Micha1"]
[Black "Westerweele,M"]
[Result "1-0"]
[WhiteElo "2502"]
[BlackElo "1941"]

1.d4 Nf6 2.c4 g6 3.Nc3 d5 4.cxd5 Nxd5 5.e4 Nxc3 6.bxc3 Bg7 7.Bg5 h6 8.Be3 c5
9.Qd2 Qa5 10.Rc1 b6 11.Bc4 Bb7 12.d5 Nd7 13.Nf3 Rd8 14.O-O Ba6 15.Bxa6 Qxa6
16.c4 g5 17.Rfe1 Qc8 18.h3 Qc7 19.Nh2 f6 20.Nf1 Ne5 21.Ng3 Kf8 22.f4 Ng6
23.Nh5 Qd7 24.e5 g4 25.e6  1-0

[Event "FSIMA August"]
[Site "Budapest HUN"]
[Date "2009.08.02"]
[Round "2"]
[White "Szabo,Ben"]
[Black "Kormos,Ad"]
[Result "1-0"]
[WhiteElo "2243"]
[BlackElo "2195"]

1.d4 Nf6 2.c4 g6 3.Nc3 d5 4.cxd5 Nxd5 5.e4 Nxc3 6.bxc3 Bg7 7.Bc4 c5 8.Ne2 Nc6
9.Be3 O-O 10.O-O Qc7 11.Rc1 Rd8 12.Qd2 a6 13.Bh6 b5 14.Bxg7 Kxg7 15.Bd5 Bb7
16.Bxc6 Qxc6 17.f3 Rac8 18.d5 Qd6 19.c4 e6 20.Qb2+ f6 21.Rfd1 exd5 22.cxd5 Re8
23.Qd2 Rcd8 24.Nf4 Bc8 25.Re1 Re7 26.g3 Rde8 27.Qc3 c4 28.Ne2 Rc7 29.a3 Qc5+
30.Kg2 Bd7 31.Rcd1 Ra7 32.Nd4 a5 33.Nc2 Kf7 34.f4 Bg4 35.Rd2 Rae7 36.e5 Bf5
37.d6 Rd7 38.Rde2 Qd5+ 39.Kg1 Qd3 40.Qxa5 Rxd6 41.Qxb5 Rd5 42.Qb6 Re6 43.Qf2 Rd7
44.Ne3 c3 45.Qf1 Qd4 46.Rd1 Bd3 47.Qf2 Qa7 48.Ree1 Rc6 49.exf6 c2 50.Rc1 h5
51.h3 Rd8 52.Kh2 Rxf6 53.Qg2 Qa5 54.Qb7+ Kg8 55.Ng2 Rf7 56.Qc6 Qd2 57.Kg1 Bf5
58.Ne3 Rc8 59.Qg2 Qd4 60.Kh2 Be4 61.Qe2 Qc3 62.Ng2 Bd3 63.Qf2 Qxa3 64.Nh4 Qa7
65.Qd2 Rd7 66.Qg2 Qb7 67.Qf2 Qa7 68.Qf3 Qd4 69.f5 Bxf5 70.Nxf5 gxf5 71.Qxh5 Qd2+
72.Kh1 Qd5+ 73.Kg1 Qd4+ 74.Kg2 Qd2+ 75.Qe2 Qd5+ 76.Kh2 Kf8 77.Rxc2 Rxc2 78.Qxc2 Qd2+
79.Re2 Qxc2 80.Rxc2 Kf7 81.Kg2 Kf6 82.Rc3 Rd4 83.Kf3 Kg5 84.h4+ Kg6 85.Rc6+ Kh5
86.Rf6 f4 87.Rxf4  1-0